Missing Word: 11-Letter Movie Words Quiz Stats

 Plays Quiz Updated Feb 19, 2017

Support Sporcle.
Go Orange.
Score 0/20 Timer 03:00
1 Play Today
Film 11-Letter Word % Correct
Slumdog _________Millionaire
96.1%
The _________ Guide to the GalaxyHitchhiker's
85.7%
Lemony Snicket's A Series of _________ Events Unfortunate
85.5%
Planes, Trains and _________Automobiles
84.1%
Bedknobs and __________Broomsticks
72.2%
The Beverly _________Hillbillies
71.1%
Irreconcilable ________Differences
66.4%
_________ Seeking Susan Desperately
66%
Girl, _________Interrupted
65.7%
The _________ SevenMagnificent
60.2%
Film 11-Letter Word % Correct
Witness for the _________Prosecution
57.1%
Final _________Destination
56.4%
________ in LoveShakespeare
54.6%
_________ BasterdsInglourious
49.5%
Night at the Museum: Battle of the _________Smithsonian
45.1%
The Year of Living _________Dangerously
43.7%
The Matrix _________Revolutions
42.8%
The _________ StoryNeverEnding
35.5%
America's _________Sweethearts
26.9%
Domestic ________Disturbance
21.1%

Today's Daily Dose

You're not logged in!

Compare scores with friends on all Sporcle quizzes.
OR
Log In
Forgot?

From the Vault

Europe (Redux)

by RobPro

Ah, Europe. We meet again.
Remove Ads.
Support Sporcle.
Get the best of Sporcle when you Go Orange. This ad-free experience offers more features, more stats, and more fun while also helping to support Sporcle. Thank you for becoming a member.

Show Comments

Extras

Top Quizzes Today


Score Distribution

Your Account Isn't Verified!

In order to create a playlist on Sporcle, you need to verify the email address you used during registration. Go to your Sporcle Settings to finish the process.

Report this User

Report this user for behavior that violates our Community Guidelines.

Details: